|
|
|
|
| LEADER |
00000nam0a2200000 4500 |
| 001 |
15548 |
| 005 |
20231101205025.0 |
| 010 |
|
|
|a 5244002724
|
| 035 |
|
|
|a (RuTPU)RU\TPU\book\15658
|
| 035 |
|
|
|a BOOK00015728
|
| 090 |
|
|
|a 15548
|
| 100 |
|
|
|a 20011209d1988 m y0rusy50 ca
|
| 101 |
0 |
|
|a rus
|
| 102 |
|
|
|a RU
|
| 105 |
|
|
|a y z 000zy
|
| 200 |
1 |
|
|a Закрытые страницы истории
|f А. А. Горбовский, Ю. С. Семенов
|
| 210 |
|
|
|a Москва
|c Мысль
|d 1988
|
| 215 |
|
|
|a 286 с.
|
| 225 |
1 |
|
|a Библиотечная серия
|
| 606 |
1 |
|
|a Тайные общества
|x История
|2 stltpush
|3 (RuTPU)RU\TPU\subj\58889
|9 76582
|
| 610 |
1 |
|
|a история
|
| 610 |
1 |
|
|a всемирная история
|
| 610 |
1 |
|
|a мафия
|
| 610 |
1 |
|
|a личность в истории
|
| 610 |
1 |
|
|a двойники
|
| 610 |
1 |
|
|a алхимия
|
| 610 |
1 |
|
|a женщины
|
| 610 |
1 |
|
|a бессмертие
|
| 686 |
|
|
|a Т3(0)-4
|v LBC/SL-A
|2 rubbk
|
| 700 |
|
1 |
|a Горбовский
|b А. А.
|g Александр Альфредович
|
| 701 |
|
1 |
|a Семенов
|b Ю. С.
|g Юлиан Семенович
|
| 801 |
|
0 |
|a RU
|b 63413507
|c 20011209
|g PSBO
|
| 801 |
|
2 |
|a RU
|b 63413507
|c 20230322
|g PSBO
|
| 942 |
|
|
|c BK
|